000 00760cam a2200265 4500
001 J3871
008 970403e1996 xxk f 000 0 eng d
035 _a(Sirsi) u57198
041 0 _aeng
050 0 4 _a692.8 $2 18
110 2 _aNational Joint Consultative Committee for Building
_9994
245 0 0 _aCommissioning and testing
250 _a2nd ed.
260 _aLondon
_bNJCC
_c1996
300 _a4p.
_c30cm
350 _a2
490 _aNJCC Procedure Note
_v(15)
651 4 _aUnited Kingdom
690 _aBuilding control
_96222
710 _92527
_aRoyal Institute of British Architects
710 _91225
_aAssociation of Consulting Engineers
710 _94900
_aRoyal Institution of Chartered Surveyors
942 _n0
948 _c04/03/1997
999 _c93911
_d93911